Флагове на държави, които започват с Г - Statistics

General Stats
  • This quiz has been taken 51 times
  • The average score is 9 of 11
Answer Stats
Picture Answer % Correct
Гърция
100%
Германия
98%
Грузия
98%
Гана
93%
Гватемала
86%
Габон
82%
Гренада
77%
Гвинея-Бисау
73%
Гвинея
70%
Гамбия
64%
Гвиана
52%
No matching quizzes found
Score Distribution
Percent of People with Each Score
Percentile by Number Answered
Your Score History
You have not taken this quiz